000 00372nam a2200169Ia 4500
003 0STCL
008 150530s9999 xx 000 0 und d
040 _aSTCL
_cSTCL
100 _aRam Naresh Tripati
245 _aPathik
260 _bHindi Mandir; Sultanpur
_c1973
300 _a0
546 _aHindi
942 _2ddc
_cBK
999 _c62694
_d62694
005 20220125171213.0